Регионална библиотека "Любен Каравелов" - Русе

Господарите и работниците (Запис номер 401718)

MARC детайли
000 -Лидер
Контролно поле с фиксирана дължина nam a22 a 4500
003 - Код на организацията, давaща контролен номер
Контролно поле BLK
005 - Дата и час на последна редакция
Контролно поле 20210329125551.0
008 - Елементи от данни с фиксирана дължина
fixed length control field 210323b bu |||||r|||| 00| | bu d
040 ## - Източник на каталожния запис
Идентификатор на билиотеката - собственик на записа BLK
041 ## - Код за език
Код за езика на текст/звукозапис или на отделно заглавие Български
Код за езика КДБФ Български
100 ## - Редна дума - Автор
R(LIN) 1299
Автор Смайлс, Самуил
Авторска отговорност първи автор
139 ## - Редно поле
Редна дума Смайлс, Самуил
245 ## - Сведения за заглавието
Заглавие Господарите и работниците
Подзаглавни данни Прев. от рус.
Редно поле (дума) С. Смаилс.
260 ## - Област на издателските данни
9 (RLIN) 216358
Място на издаване, разпространение и проч. с. Радне Махле
Име на издателя, разпространителя и проч. книж. д-во Просвета
Година на издаване 1896
Печатница Стара Загора: Печ. и книговезн. на Н. Кириллова
300 ## - Физическа характеристика
Страници 58 с.
Размери/Мащаб 20 см
380 ## - Жанр
Жанр Обществени науки
490 ## - СЕРИИ (Колекции)
9 (RLIN) 443793
Име на серия Спестовност
№: серия 10
852 ## - Местоположение
Форматна сигнатура Цб Рб 896
Фондова буква Хранилище
999 ## - СИСТЕМНИ КОНТРОЛНИ НОМЕРА
Koha biblionumber 401718
Koha biblioitemnumber 401718
942 ## - АРТИКУЛИ
Вид на библиотечния материал Книги
Скрит в OPAC Не
Периодичен библиозапис Да
944 ## - СЪЗДАВАНЕ И РЕДАКЦИЯ на ЗАПИСА
Създаване/Редакция Създаване
Дата на регистрацията/редакция 2021-03-23
Служител, извършил регистрацията/редакцията А.М.
999 ## - СИСТЕМНИ КОНТРОЛНИ НОМЕРА
Koha biblioitemnumber 401718
Наличности
Код за отписване Код за изгубен артикул Източник на класификационната схема Код за повреда Коз за рестрикции Код за отдаване Артикулен № Име на библиотеката - собственик Име на библиотеката, в която се намира в момента Статус (Текущо местоположение) Дата на вписване в системата Местоположение - отдел Цена в лева Инвентарен номер Систематично азбучна сигнатура Баркод Цена в евро Служебен тип на артикула
  Не е изгубен Universal Decimal Classification Не е повреден само за читалня Специални фондове ( старопечатни, редки и ценни, фонд М. Арнаудов) 852925 Регионална библиотека "Любен Каравелов" Русе Регионална библиотека "Любен Каравелов" Русе Редки и ценни 2021-09-17 Редки и ценни 0.05 13061 Рб 896 900000042941 0.03 Книги
Vip Innovations Ltd, Rousse, Bulgaria 2025